[Event "Ambassador op"]
[Site "Bern"]
[Date "1998.12.29"]
[Round "6"]
[White "Razuvaev, Yuri S"]
[Black "Bologan, Viktor"]
[Result "1-0"]
[WhiteElo "2560"]
[BlackElo "2585"]

1.d4 Nf6 2.c4 g6 3.Nc3 Bg7 4.e4 d6 5.f3 O-O 6.Be3 a6 7.Qd2 Nbd7 8.Bd3 c5
9.Nge2 b6 10.O-O e6 11.Rad1 Bb7 12.dxc5 bxc5 13.Bc2 Ne8 14.Bg5 f6 15.Bh4 Ne5
16.b3 Qe7 17.f4 Bh6 18.Qe3 Nc6 19.Qh3 Nd4 20.Nxd4 cxd4 21.Ne2 e5 22.Be1 Bg7
23.f5 a5 24.Ng3 Nc7 25.Bb1 Rfb8 26.Qg4 Bc8 27.Bd2 Qf8 28.Qf3 Ne8 29.h4 Bh6
30.fxg6 hxg6 31.h5 Bxd2 32.Rxd2 Qh6 33.Rdf2 Ra7 34.hxg6 Qxg6 35.Qh5 Rg7 36.Bd3 Be6
37.Qxg6 Rxg6 38.Nf5 Bxf5 39.exf5 Rg4 40.Be2 Rg5 41.Bf3 Nc7 42.g4 Re8 43.Re2 Kf7
44.Kf2 Rh8 45.Kg3 Rgg8 46.a3 Rb8 47.Rb2 Na6 48.Rfb1 Nc5 49.b4 Na4 50.Rb3 Nc3
51.Re1  1-0

[Event "Ambassador op"]
[Site "Bern"]
[Date "1998.12.30"]
[Round "7"]
[White "Bologan, Viktor"]
[Black "Bucher, Denis"]
[Result "1-0"]
[WhiteElo "2585"]
[BlackElo "2180"]

1.e4 c5 2.Nf3 d6 3.d4 cxd4 4.Nxd4 Nf6 5.Nc3 a6 6.Be3 e5 7.Nb3 Be6 8.Qd2 Be7
9.f3 Nbd7 10.g4 h6 11.O-O-O b5 12.Kb1 Nb6 13.Qf2 Rb8 14.h4 b4 15.Ne2 Nc4
16.Bc1 Qb6 17.Qxb6 Rxb6 18.Ng3 g6 19.h5 g5 20.Nf5 Bxf5 21.Bxc4 Be6 22.Na5 Bxc4
23.Nxc4 Rc6 24.b3 O-O 25.Rd3 Nd7 26.Be3 Nf6 27.Rhd1 Rxc4 28.bxc4 Rc8 29.Rxd6 Bxd6
30.Rxd6 Kg7 31.c5  1-0

[Event "Corsica f m"]
[Site "Bastia"]
[Date "1998.??.??"]
[Round "1.1"]
[White "Bologan, Viktor"]
[Black "Chernin, Alexander"]
[Result "1/2-1/2"]
[WhiteElo "2585"]
[BlackElo "2610"]

1.e4 d6 2.d4 Nf6 3.Nc3 g6 4.g3 Bg7 5.Bg2 O-O 6.Nge2 Nbd7 7.O-O c5 8.dxc5 Nxc5
9.h3 Rb8 10.a4 b6 11.Nf4 Bb7 12.Nfd5 e6 13.Nxf6+ Bxf6 14.Bh6 Re8 15.Re1 a6
16.Qd2 Qc7 17.Rad1 Rbd8 18.Bf4 Qc6 19.Ra1 Bg7 20.Bh6 Be5 21.Bg5 Rc8 22.Bf4 Red8
23.h4 Nd7 24.Bg5 Re8 25.Rad1 Nc5 26.h5 Nxa4 27.Nxa4 Qxa4 28.c3 Qc6 29.Bf4 Qc7
30.Bxe5 dxe5 31.Qg5 b5 32.Qf6 Qe7 33.Qxe5 Rc5 34.Qd6 Rxh5 35.Qxe7 Rxe7 36.e5 Kg7
37.Rd6 a5 38.Rb6 Bxg2 39.Kxg2 b4 40.cxb4 axb4 41.Rxb4 f6 42.f4 f5 43.Rc1 g5
44.Rbc4 gxf4 45.gxf4 Rh4 46.Rc7 Kf7 47.Kg3 Rg4+ 48.Kf3 h5 49.Rxe7+ Kxe7 50.Rc7+ Kd8
51.Rh7 h4 52.b4 Rg3+ 53.Kf2 Rb3 54.Rxh4 Rxb4 55.Rh8+ Ke7 56.Kg3 Kf7 57.Rh7+ Kf8
58.Ra7 Rc4 59.Kh4 Rxf4+ 60.Kg5 Rb4 61.Kf6 Kg8 62.Kxe6 f4 63.Ra3 Rb6+ 64.Kf5 f3
65.Rxf3 Kf7 66.Rh3 Ke7 67.Rh7+ Ke8 68.Ra7 Rc6 69.e6 Rc1 70.Kf6  1/2-1/2

[Event "Kstovo"]
[Site "Kstovo"]
[Date "1998.??.??"]
[Round "3"]
[White "Bologan, Viktor"]
[Black "Yanin, Pavel"]
[Result "1/2-1/2"]
[WhiteElo "2580"]
[BlackElo "2430"]

1.e4 c5 2.Nf3 Nc6 3.d4 cxd4 4.Nxd4 Nf6 5.Nc3 e5 6.Ndb5 d6 7.Bg5 a6 8.Na3 b5
9.Nd5 Be7 10.Bxf6 Bxf6 11.c3 Bg5 12.Nc2 Rb8 13.a4 bxa4 14.Ncb4 Bd7 15.Bxa6 Nxb4
16.Nxb4 Qa5 17.Qxd6 Rb6 18.Qd3 Be7 19.Nd5 Rxb2 20.O-O Bc5 21.Qg3 Kf8 22.Bc4 h5
23.Qxe5 Rh6 24.Rab1 Bd6 25.Qg5 a3 26.Rxb2 axb2 27.Rb1 Rg6 28.Qd2 Ba3 29.Nb4 Qg5
30.Qxg5 Rxg5 31.Nc2 Ra5 32.h3 f5 33.Bd5 fxe4 34.Bxe4 Be6 35.Nxa3 Rxa3 36.Rxb2 Rxc3
37.Rb5 Bf7 38.h4 g6 39.Rb7 Rc5 40.Kh2 Kg7 41.Kg3 Ra5 42.Kf4 Kf6 43.f3 Kg7
44.Bc2 Kf8 45.Rc7 Kg8 46.g3 Kf8 47.Bd3 Kg8 48.Rb7 Rc5 49.Rb5 Rc7 50.Kg5 Kg7
51.Be4 Ra7 52.Bc6 Ra6 53.Bb7 Ra7 54.Be4 Rc7 55.Ra5 Re7 56.Rc5 Ra7 57.Bd5 Bxd5
58.Rxd5 Rb7 59.f4 Ra7 60.Re5 Rb7 61.f5 gxf5 62.Kxf5 Rb3 63.Kf4 Rb4+ 64.Re4 Rb5
65.Ra4 Kf6 66.Ra6+ Kg7 67.Re6 Ra5 68.Re5 Ra4+ 69.Kf5 Ra3 70.Kf4 Ra4+ 71.Re4 Ra5
72.Rd4 Kf6 73.Rd6+ Kg7 74.Ke4 Ra3 75.Rd3 Ra5 76.Rd5 Ra4+ 77.Kf5 Ra3 78.Rd7+ Kh6
79.Rd6+  1/2-1/2

[Event "Kstovo"]
[Site "Kstovo"]
[Date "1998.??.??"]
[Round "5"]
[White "Bologan, Viktor"]
[Black "Skomorokhin, Roman"]
[Result "1-0"]
[WhiteElo "2580"]
[BlackElo "2480"]

1.e4 e6 2.d4 d5 3.Nc3 Bb4 4.e5 c5 5.a3 Bxc3+ 6.bxc3 Ne7 7.Nf3 Nbc6 8.h4 Qa5
9.Bd2 Bd7 10.h5 h6 11.Bd3 c4 12.Be2 O-O-O 13.Nh4 g5 14.hxg6 fxg6 15.Nf3 g5
16.Nh2 Rdf8 17.Ng4 Nf5 18.Nf6 Qd8 19.Bg4 Rxf6 20.exf6 Qxf6 21.Qf3 Nce7 22.a4 Qg6
23.Kd1 Rf8 24.Bxf5 Rxf5 25.Qg3 Nc6 26.Be3 h5 27.Kd2 Qf7 28.f3 e5 29.dxe5 h4
30.Qf2 Rxe5 31.Rae1 b6 32.Bd4 Rf5 33.Ra1 g4 34.Rxh4 gxf3 35.g3 Qg6 36.Be3 Rf7
37.Bf4 Bg4 38.Rh6  1-0

[Event "Kstovo"]
[Site "Kstovo"]
[Date "1998.??.??"]
[Round "8"]
[White "Kulikov, Alexander O"]
[Black "Bologan, Viktor"]
[Result "0-1"]
[WhiteElo "2395"]
[BlackElo "2580"]

1.Nf3 d6 2.d4 g6 3.g3 Bg7 4.Bg2 Nf6 5.O-O O-O 6.c4 Nc6 7.d5 Na5 8.Nbd2 c5
9.a3 b5 10.cxb5 Nxd5 11.Ne1 e6 12.e4 Nc7 13.Qa4 Nb7 14.Qb3 Rb8 15.Nc4 d5
16.Ne3 Na5 17.Qa4 Nxb5 18.exd5 Nd4 19.Nd3 Nab3 20.Rb1 Bd7 21.Qxa7 Ra8 22.Qb7 Na5
23.Qxa8 Qxa8 24.Nxc5 Bb5  0-1

[Event "Kstovo"]
[Site "Kstovo"]
[Date "1998.??.??"]
[Round "9"]
[White "Bologan, Viktor"]
[Black "Novgorodskij, Vladimir"]
[Result "1-0"]
[WhiteElo "2580"]
[BlackElo "2420"]

1.e4 c5 2.Nf3 d6 3.d4 cxd4 4.Nxd4 Nf6 5.Nc3 a6 6.Be3 e6 7.g4 h6 8.f4 Nfd7
9.Bg2 Be7 10.Qe2 Nc6 11.O-O-O Qa5 12.Nb3 Qc7 13.Kb1 b5 14.h4 Nb6 15.g5 Nc4
16.Bc1 Bd7 17.g6 fxg6 18.Qg4 O-O-O 19.Qxg6 b4 20.Ne2 Bf6 21.Qg3 Na7 22.Ned4 e5
23.Nf5 Nb5 24.Bf1 exf4 25.Qd3 Bxf5 26.exf5 Nca3+ 27.bxa3 Nc3+ 28.Qxc3 Qxc3
29.Rh3 Qe5 30.Rf3 a5 31.axb4 axb4 32.Rxf4 Kd7 33.Re4 Qxf5 34.Bf4 Kc7 35.Rc4+ Kd7
36.Bxd6 Ke8 37.Re1+ Kf7 38.Rf4 Qh5 39.Re7+ Kg8 40.Bc4+ Kh7 41.Rxf6 Qd1+ 42.Nc1 Rxd6
43.Rxd6 Qxd6 44.Bd3+ Kg8 45.Re8+ Kf7 46.Rxh8 Qh2 47.Bc4+ Kg6 48.Rf8 Qxh4
49.Bd3+ Kh5 50.Ne2 g5 51.Rf1 Qh2 52.Be4 Qe5 53.Rh1+ Kg4 54.Rg1+  1-0

[Event "RUS-Cup02"]
[Site "Moscow"]
[Date "1998.??.??"]
[Round "6"]
[White "Bezgodov, Alexei"]
[Black "Bologan, Viktor"]
[Result "1-0"]
[WhiteElo "2520"]
[BlackElo "2580"]

1.e4 g6 2.d4 Bg7 3.Nf3 d6 4.Be2 Nf6 5.Nc3 O-O 6.O-O c6 7.h3 Nbd7 8.e5 dxe5
9.dxe5 Nd5 10.Nxd5 cxd5 11.Bf4 Qc7 12.Qxd5 Qxc2 13.Nd4 Qxb2 14.Rfd1 Nb6 15.Qa5 Be6
16.Bf3 Nc4 17.Qe1 Rad8 18.Rab1 Qxa2 19.Rxb7 Qa6 20.Rxe7 Bd5 21.Bxd5 Rxd5
22.Nf3 Nb6 23.e6 Rxd1 24.Qxd1 fxe6 25.Qd6 Qa1+ 26.Kh2 Nd5 27.Qxe6+ Kh8 28.Qxd5 Rxf4
29.Ng5 Rxf2 30.Re8+ Bf8 31.Ne6 Qc3 32.Qd6 Rxg2+ 33.Kxg2 Qc2+ 34.Kf3 Qc3+
35.Ke4 Qc2+ 36.Ke3 Qc3+ 37.Qd3 Qe1+ 38.Kd4 Qa1+ 39.Qc3 Qa4+ 40.Kd5+  1-0

[Event "RUS-Cup02"]
[Site "Moscow"]
[Date "1998.??.??"]
[Round "8"]
[White "Kiselev, Sergey"]
[Black "Bologan, Viktor"]
[Result "1-0"]
[WhiteElo "2510"]
[BlackElo "2580"]

1.d4 Nf6 2.Nf3 g6 3.c4 Bg7 4.Nc3 d6 5.e4 O-O 6.Be2 e5 7.O-O Nc6 8.d5 Ne7
9.b4 Nh5 10.Re1 a5 11.bxa5 Rxa5 12.a4 c5 13.Ra3 Nf6 14.Bd2 Kh8 15.Qc2 Neg8
16.Rb1 Bh6 17.Be1 Nd7 18.Nb5 Ra6 19.Bd3 Ne7 20.Bc3 f5 21.exf5 Nxf5 22.Nd2 Nd4
23.Qb2 Nf6 24.Ne4 Bf5 25.Re1 Ng4 26.Be2 Nxh2 27.Nexd6 Qh4 28.Bxd4 cxd4 29.g3 Qh3
30.g4 Qh4 31.gxf5 Bf4 32.Kg2 gxf5 33.Rg3 Bxg3 34.fxg3 Qg5 35.Kxh2 f4 36.Qb3 e4
37.Nxe4 Rh6+ 38.Kg2 Qf5 39.Nf2 fxg3 40.Qxg3 Rg6 41.Ng4  1-0

[Event "New York op"]
[Site "New York"]
[Date "1998.??.??"]
[Round "3"]
[White "Bologan, Viktor"]
[Black "Burnett, Ronald"]
[Result "1-0"]
[WhiteElo "2580"]
[BlackElo "2400"]

1.e4 c5 2.Nf3 Nc6 3.d4 cxd4 4.Nxd4 Nf6 5.Nc3 e5 6.Ndb5 d6 7.Bg5 a6 8.Na3 b5
9.Nd5 Qa5+ 10.Bd2 Qd8 11.Nxf6+ gxf6 12.c4 f5 13.Bd3 Bg7 14.cxb5 Nd4 15.Bc3 Bb7
16.bxa6 Bxa6 17.exf5 O-O 18.O-O Nc6 19.Bxa6 Rxa6 20.Qd3 Ra4 21.Rfd1 Nd4 22.Nb5 e4
23.Qxe4 Re8 24.Qd3 Ne2+ 25.Kh1 Qh4 26.Bxg7 Kxg7 27.Nxd6 Re5 28.Qb3 Re7 29.Rd3 Ra6
30.Qb5 Rea7 31.f6+  1-0

[Event "ROM-chT"]
[Site "Timisu de Sus"]
[Date "1998.??.??"]
[Round "2"]
[White "Marin, Mihail"]
[Black "Bologan, Viktor"]
[Result "1/2-1/2"]
[WhiteElo "2530"]
[BlackElo "2585"]

1.c4 c5 2.Nf3 Nc6 3.d4 cxd4 4.Nxd4 e6 5.Nc3 Bc5 6.Nb3 Bb4 7.g3 Qc7 8.Bf4 Bxc3+
9.bxc3 e5 10.Bc1 Na5 11.Nxa5 Qxa5 12.Qb3 Nf6 13.Ba3 b5 14.Bb4 Qb6 15.Bg2 Bb7
16.Bxb7 Qxb7 17.O-O h5 18.Ba3 Ne4 19.Rad1 Rc8 20.Rd5 d6 21.Bxd6 Nxd6 22.Rxd6 Rxc4
23.Rb1 Rc5 24.Qa3 Qc7 25.Ra6 O-O 26.Rxa7 Qc6 27.Ra6 Qe4 28.Qb4 Rc4 29.Qxb5  1/2-1/2

[Event "ROM-chT"]
[Site "Timisu de Sus"]
[Date "1998.??.??"]
[Round "3"]
[White "Bologan, Viktor"]
[Black "Atalik, Suat"]
[Result "1-0"]
[WhiteElo "2585"]
[BlackElo "2585"]

1.e4 c5 2.Nf3 d6 3.d4 cxd4 4.Nxd4 Nf6 5.Nc3 a6 6.Be3 Nc6 7.Be2 e6 8.g4 Be7
9.g5 Nd7 10.h4 O-O 11.f4 Re8 12.Qd2 Nxd4 13.Bxd4 b5 14.a3 Bb7 15.O-O-O Rc8
16.Kb1 Bf8 17.g6 fxg6 18.h5 e5 19.hxg6 h6 20.Be3 Nf6 21.Nd5 Bxd5 22.exd5 Ne4
23.Qd3 exf4 24.Bd4 Ng3 25.Bg4 Nxh1 26.Rxh1 Qg5 27.Qh3 Qxd5 28.Bxc8 Rxc8 29.Bxg7 Qxh1+
30.Qxh1 Bxg7 31.Kc1 Rf8 32.Kd1 f3 33.Ke1 Bxb2 34.Qxh6 Re8+ 35.Kf2 Re7 36.Qh4 Kf8
37.Kxf3 d5 38.Qg5 Be5 39.Kg4 Ke8 40.Kf5 Bg7 41.Qg3 Kd7 42.Qb8 Kc6 43.Qc8+ Kb6
44.Qd8+ Rc7 45.Qb8+ Rb7 46.Qd6+ Ka7 47.Qc5+ Kb8 48.Ke6 d4 49.Qc6 Ka7 50.Qc8 Kb6
51.Qa8 Rc7 52.Kd6 Rb7 53.Qd8+ Ka7 54.Kc6 Be5 55.Qc8 Rb6+ 56.Kd5 Bg7 57.Qc5 Bh8  1-0

[Event "Basel Hilton op"]
[Site "Basel"]
[Date "1999.01.02"]
[Round "2"]
[White "Bologan, Viktor"]
[Black "Schmidt Schaeffer, Sebastian"]
[Result "1-0"]
[WhiteElo "2585"]
[BlackElo "2370"]

1.e4 c5 2.Nf3 d6 3.d4 cxd4 4.Nxd4 Nf6 5.Nc3 g6 6.Be3 Bg7 7.f3 Nc6 8.Qd2 Bd7
9.O-O-O Rc8 10.Kb1 Ne5 11.Bh6 O-O 12.Bxg7 Kxg7 13.g4 a6 14.h4 Qa5 15.h5 Rxc3
16.Qxc3 Qxc3 17.bxc3 Nxf3 18.Nxf3 Bxg4 19.h6+ Kg8 20.Bg2 Nxe4 21.Rd4 f5 22.Kb2 Rc8
23.Nd2 e5 24.Rxe4 fxe4 25.Nxe4 Kf8 26.Nxd6  1-0

[Event "Basel Hilton op"]
[Site "Basel"]
[Date "1999.01.03"]
[Round "4"]
[White "Bologan, Viktor"]
[Black "Ermeni, Avni"]
[Result "1-0"]
[WhiteElo "2585"]
[BlackElo "2275"]

1.e4 e5 2.Nf3 Nc6 3.Bb5 a6 4.Ba4 Nf6 5.O-O Nxe4 6.d4 b5 7.Bb3 d5 8.dxe5 Be6
9.Be3 Bc5 10.Re1 O-O 11.c3 Bxe3 12.Rxe3 Na5 13.Nbd2 Nxb3 14.axb3 Nxd2 15.Qxd2 c5
16.b4 d4 17.cxd4 cxb4 18.Qxb4 Bd5 19.Ne1 Qh4 20.Rc1 Rfd8 21.Rc5 Bb7 22.Nc2 Rd7
23.h3 Qg5 24.Rg3 Qc1+ 25.Kh2 Rad8 26.Ne3 Qb1 27.d5 Bxd5 28.Nxd5 Rxd5 29.Rxd5 Rxd5
30.Qe7 h5 31.Qe8+  1-0

[Event "Linares Anibal op"]
[Site "Linares"]
[Date "1999.01.08"]
[Round "1"]
[White "Gokhale, CS."]
[Black "Bologan, Viktor"]
[Result "0-1"]
[WhiteElo "2335"]
[BlackElo "2585"]

1.d4 Nf6 2.c4 g6 3.Nc3 Bg7 4.e4 d6 5.Nf3 O-O 6.Be2 e5 7.O-O Nc6 8.d5 Ne7
9.b4 Nfxd5 10.Re1 a5 11.bxa5 c5 12.Rb1 Rxa5 13.g3 Nf6 14.Nd2 Nd7 15.Nb3 Ra6
16.a4 f5 17.a5 Kh8 18.Qc2 Nf6 19.Bd3 f4 20.f3 g5 21.g4 Ng6 22.Rf1 h5 23.h3 Nh4
24.Qd1 Kg8 25.Be2 Kf7 26.Na4 Rh8 27.Nb6 Rxb6 28.axb6 Rh6 29.Qd3 Qh8 30.Kf2 hxg4
31.hxg4 Ng2 32.Rg1 Rh2 33.Kf1 Qh3 34.Bd2 Ne3+ 35.Ke1 Qh4+  0-1

[Event "Linares Anibal op"]
[Site "Linares"]
[Date "1999.01.09"]
[Round "2"]
[White "Bologan, Viktor"]
[Black "Bykhovsky, Anatoly A"]
[Result "1-0"]
[WhiteElo "2585"]
[BlackElo "2415"]

1.e4 e5 2.Nf3 Nc6 3.Bb5 a6 4.Ba4 Nf6 5.O-O Be7 6.Re1 b5 7.Bb3 d6 8.c3 O-O
9.h3 Nd7 10.d4 Bf6 11.a4 Bb7 12.d5 Ne7 13.axb5 axb5 14.Rxa8 Qxa8 15.Na3 Ba6
16.Nh2 Rb8 17.Ng4 b4 18.cxb4 Rxb4 19.Bd2 Rb6 20.Ba4 Nc5 21.Nxf6+ gxf6 22.b4 Nd3
23.Re3 Nf4 24.b5 Bc8 25.Nc4 Rb7 26.Ra3 Qb8 27.Be3 f5 28.Bxf4 exf4 29.e5 dxe5
30.Nxe5 Qa7 31.d6 cxd6 32.Qxd6 Qb6 33.Nc6 Ng6 34.h4 h5 35.Qf6 Be6 36.Bb3 Bxb3
37.Rxb3 Qc5 38.b6 Qd5 39.Nd4 Nxh4 40.f3 Qc5 41.Kh2 Ng6 42.Nxf5 Qe5 43.Qg5 Qe6
44.Rd3 Rb8 45.Rd8+ Rxd8 46.Qxd8+ Kh7 47.b7  1-0

[Event "Linares Anibal op"]
[Site "Linares"]
[Date "1999.01.10"]
[Round "3"]
[White "Svetushkin, Dmitry"]
[Black "Bologan, Viktor"]
[Result "1-0"]
[WhiteElo "2460"]
[BlackElo "2585"]

1.e4 c5 2.Nc3 Nc6 3.g3 g6 4.Bg2 Bg7 5.d3 d6 6.Be3 e6 7.Qd2 Nd4 8.Nd1 Nf6
9.c3 Nc6 10.h3 b6 11.f4 Ba6 12.Ne2 d5 13.e5 Nd7 14.O-O f6 15.c4 Ne7 16.f5 Nxe5
17.Nf4 exf5 18.Ne6 Qd7 19.Nxg7+ Kf7 20.Nxf5 gxf5 21.Bf4 N5g6 22.Ne3 Bb7 23.d4 Rad8
24.Rad1 dxc4 25.d5 b5 26.d6 Nxf4 27.Rxf4 Bxg2 28.Kxg2 Qe6 29.d7 Rhg8 30.Kf2 Rg7
31.Rf3 Kg8 32.Qd6 Qe5 33.Qa6 Qxb2+ 34.Kf1 Kf7 35.Qxa7 Qe5 36.Qb6 Rgg8 37.Re1 Rxg3
38.Rxg3 Qxg3 39.Qxd8 Ng8 40.Qe8+  1-0

[Event "Linares Anibal op"]
[Site "Linares"]
[Date "1999.01.11"]
[Round "4"]
[White "Bologan, Viktor"]
[Black "Prasad, Devaki V"]
[Result "1-0"]
[WhiteElo "2585"]
[BlackElo "2405"]

1.e4 e5 2.Nf3 Nc6 3.Bb5 a6 4.Ba4 Nf6 5.O-O Nxe4 6.d4 b5 7.Bb3 d5 8.dxe5 Be6
9.Be3 Be7 10.c3 O-O 11.Nbd2 Nc5 12.Bc2 Bg4 13.Qb1 g6 14.h3 Be6 15.Re1 Qd7
16.Nf1 a5 17.Ng3 a4 18.Qc1 Rfd8 19.Bxc5 Bxc5 20.Nh5 gxh5 21.Qh6 Bf5 22.Bxf5 Qxf5
23.Qxc6 Bb6 24.e6 fxe6 25.Rxe6 Qc2 26.Rf1 Rab8 27.Rh6 Qf5 28.Re1 Rf8 29.Rhe6 d4
30.R6e5 Qf7 31.Re7 Qf5 32.R1e5 Qb1+ 33.Kh2  1-0

[Event "Linares Anibal op"]
[Site "Linares"]
[Date "1999.01.16"]
[Round "9"]
[White "Sokolov, Andrei"]
[Black "Bologan, Viktor"]
[Result "0-1"]
[WhiteElo "2565"]
[BlackElo "2585"]

1.e4 c5 2.Nf3 e6 3.d4 cxd4 4.Nxd4 a6 5.Bd3 Bc5 6.Nb3 Ba7 7.Nc3 Nc6 8.Qe2 d6
9.Be3 Nge7 10.Bxa7 Rxa7 11.f4 b5 12.a4 b4 13.Nd1 Na5 14.Nd2 Qb6 15.Ne3 O-O
16.O-O d5 17.Qf2 dxe4 18.Nxe4 Rc7 19.Kh1 Qd4 20.b3 Nxb3 21.Ng5 h6 22.Rad1 hxg5
23.fxg5 Qc5 24.Qh4 Ng6 25.Bxg6 fxg6 26.Rxf8+ Qxf8 27.cxb3 Bb7 28.Qg4 Qe7
29.Nc4 Bd5 30.Rd4 Qf8 31.h4 Qf2 32.Kh2 Rf7 33.Rd2 Qc5 34.Qd4 Qc7+ 35.Qe5 Bxc4
36.Qxc7 Rxc7 37.bxc4 Rxc4 38.Rd6 a5 39.Rb6 Rxh4+ 40.Kg3 Rd4 41.Rxe6 b3  0-1

[Event "Goodricke 10th op"]
[Site "Calcutta"]
[Date "1999.02.06"]
[Round "1"]
[White "Shankar, Roy"]
[Black "Bologan, Viktor"]
[Result "0-1"]
[WhiteElo "2390"]
[BlackElo "2605"]

1.e4 g6 2.d4 Bg7 3.Nc3 c6 4.Bc4 d6 5.Nf3 Nf6 6.a4 O-O 7.O-O d5 8.Bd3 Bg4
9.e5 Nfd7 10.h3 Bxf3 11.Qxf3 e6 12.Ne2 c5 13.c3 Nc6 14.b4 cxb4 15.cxb4 Ndxe5
16.dxe5 Nxe5 17.Qg3 Nxd3 18.Bg5 f6 19.Qxd3 fxg5 20.Rac1 Qb6 21.b5 Rf7 22.Qe3 Raf8
23.Qxb6 axb6 24.f3 Ra8 25.Rfe1 Re7 26.h4 gxh4 27.Nf4 Bh6  0-1

[Event "Goodricke 10th op"]
[Site "Calcutta"]
[Date "1999.02.07"]
[Round "2"]
[White "Bologan, Viktor"]
[Black "Marin, Mihail"]
[Result "1/2-1/2"]
[WhiteElo "2605"]
[BlackElo "2525"]

1.e4 d6 2.d4 Nf6 3.Nc3 g6 4.f4 Bg7 5.Nf3 O-O 6.Be3 b6 7.Bc4 c5 8.Qe2 Nc6
9.e5 Ng4 10.O-O-O Na5 11.Bd5 Rb8 12.Bg1 e6 13.dxc5 exd5 14.cxd6 f6 15.Nxd5 fxe5
16.Ne7+ Kh8 17.fxe5 Be6 18.h4 Rb7 19.h5 Rxe7 20.dxe7 Qxe7 21.hxg6 h6 22.Kb1 Nc6
23.Bd4 Bd5 24.Bc3 Bxf3 25.gxf3 Ngxe5 26.Rde1 Qg5 27.Bd2 Qxg6 28.Reg1 Qf6
29.Rxg7 Kxg7 30.Bxh6+ Qxh6 31.Rxh6 Kxh6 32.Qe3+ Kg7 33.f4 Ng6 34.b4 Rxf4
35.a3 Kf7 36.Qc3 Nge7 37.b5 Nd4 38.Qc7 Rf1+ 39.Kb2 Rf2 40.Qxa7 Rxc2+ 41.Kb1 Nxb5  1/2-1/2

[Event "Goodricke 10th op"]
[Site "Calcutta"]
[Date "1999.02.09"]
[Round "4"]
[White "Bologan, Viktor"]
[Black "Fedorov, Alexei"]
[Result "1-0"]
[WhiteElo "2605"]
[BlackElo "2645"]

1.e4 c5 2.Nf3 d6 3.d4 cxd4 4.Nxd4 Nf6 5.Nc3 g6 6.Be3 Bg7 7.f3 O-O 8.Qd2 Nc6
9.Bc4 Bd7 10.O-O-O Na5 11.Be2 Rc8 12.Kb1 Nc4 13.Bxc4 Rxc4 14.g4 b5 15.b3 Rc8
16.Ndxb5 Qa5 17.a4 a6 18.Nd5 Qxd2 19.Nxe7+ Kh8 20.Rxd2 Rce8 21.Nxg6+ fxg6
22.Nxd6 Re6 23.Bc5 Bc6 24.Nc4 Rb8 25.Rd6 Rxd6 26.Bxd6 Rd8 27.Be7 Rb8 28.Rd1 Bxa4
29.Bd6 Rb7 30.Na5 Rb5 31.Bc7 Ng8 32.Kc1 Bh6+ 33.Kb1 Bg7 34.Rd3 Rc5 35.Bb6 Rb5
36.Nc4 Rb4 37.Nd6 Nf6 38.Ba5 Rb8 39.Bc7 Rb4 40.Ka2 Bb5 41.c4 Bc6 42.e5 Nd7
43.e6 Ne5 44.Nf7+ Nxf7 45.exf7 h5 46.Rd8+ Kh7 47.Be5 Rb7 48.f8=Q Bxf8 49.Rxf8 Kh6
50.h4 hxg4 51.fxg4 Rh7 52.Rg8  1-0

[Event "Goodricke 10th op"]
[Site "Calcutta"]
[Date "1999.02.10"]
[Round "5"]
[White "Ulibin, Mikhail"]
[Black "Bologan, Viktor"]
[Result "1-0"]
[WhiteElo "2550"]
[BlackElo "2605"]

1.e4 c5 2.Nf3 e6 3.d4 cxd4 4.Nxd4 a6 5.Bd3 Bc5 6.Nb3 Ba7 7.c4 Nc6 8.Nc3 Nge7
9.O-O O-O 10.Kh1 e5 11.f4 exf4 12.Bxf4 d6 13.Be2 Ne5 14.Nd4 N7g6 15.Bc1 Be6
16.b3 Qa5 17.Bb2 Rfd8 18.Nf5 Rac8 19.a4 Bc5 20.Nd5 Bxd5 21.exd5 Bb4 22.Rc1 Bd2
23.Rc2 Bg5 24.Bh5 Qc7 25.Rcf2 Re8 26.h4 Bd8 27.g3 b5 28.axb5 axb5 29.cxb5 Rb8
30.Be2 Qd7 31.Bg4 Nxg4 32.Qxg4 Qxb5 33.Qf3 Qd7 34.Nxg7 Ne5 35.Bxe5 Rxe5 36.Qxf7+ Qxf7
37.Rxf7 Bb6 38.Ne6 h6 39.Rg7+ Kh8 40.Rff7  1-0

[Event "Goodricke 10th op"]
[Site "Calcutta"]
[Date "1999.02.12"]
[Round "7"]
[White "Dolmatov, Sergey"]
[Black "Bologan, Viktor"]
[Result "1/2-1/2"]
[WhiteElo "2585"]
[BlackElo "2605"]

1.e4 c5 2.Nf3 e6 3.d4 cxd4 4.Nxd4 a6 5.Bd3 g6 6.c4 Bg7 7.Nb3 Nc6 8.Nc3 Nge7
9.O-O O-O 10.Bg5 h6 11.Be3 d5 12.cxd5 exd5 13.Bc5 Re8 14.Re1 Be6 15.Bxe7 Rxe7
16.Nc5 dxe4 17.Bxe4 Bd4 18.Nxe6 Rxe6 19.Qd2 Qg5 20.Qxg5 hxg5 21.Bf3 Rxe1+
22.Rxe1 Rc8 23.Nd5 Kg7 24.b3 Ne5 25.Ne3 Bxe3 26.fxe3 Nxf3+ 27.gxf3 Rc2 28.a4 Rb2
29.Rc1 Rxb3 30.Kf2 b5 31.axb5 axb5 32.Rc5 b4 33.e4 Kf6 34.Rb5 Rb1 35.Kg2 b3
36.h3 Ke6 37.Rxg5 Kd6 38.Rb5 Kc6 39.Rb8 Kc5 40.Rb7 Kd4 41.Rxf7 Rc1 42.Rb7 Kc3
43.Rc7+ Kd2 44.Rb7 Kc2 45.Rc7+ Kb1 46.Rg7 Rc6 47.Rb7 Kc2 48.f4 b2 49.f5 b1=Q
50.Rxb1 Kxb1 51.Kf3 Kc2 52.Kf4 Kd3 53.h4 Kd4 54.fxg6 Rxg6 55.h5 Rg1 56.h6 Rh1
57.Kg5 Ke5 58.Kg6 Ke6 59.h7 Rg1+ 60.Kh6 Kf7 61.h8=N+ Kf6 62.e5+ Kxe5 63.Ng6+ Kf6
64.Nf4  1/2-1/2

[Event "Goodricke 10th op"]
[Site "Calcutta"]
[Date "1999.02.14"]
[Round "9"]
[White "Sorokin, Maxim"]
[Black "Bologan, Viktor"]
[Result "1-0"]
[WhiteElo "2550"]
[BlackElo "2605"]

1.Nf3 Nf6 2.c4 g6 3.Nc3 Bg7 4.g3 O-O 5.Bg2 d6 6.O-O a6 7.d4 Nc6 8.d5 Na5
9.Nd2 c5 10.Qc2 Rb8 11.b3 b5 12.Rb1 h5 13.h3 e5 14.cxb5 axb5 15.b4 cxb4 16.Rxb4 Bd7
17.Ba3 Qc8 18.Kh2 Qa6 19.Bb2 Rfc8 20.Qd3 Nb7 21.f4 Nc5 22.Qf3 Bf5 23.fxe5 dxe5
24.e4 Bd7 25.Nb3 Nxb3 26.Rxb3 b4 27.Nd1 Qd6 28.a3 Rc4 29.Nf2 h4 30.gxh4 Nh5
31.Rxb4 Rbxb4 32.axb4 f5 33.Rc1 Rxc1 34.Bxc1 Qxb4 35.Bg5 f4 36.Qd1 Bf8 37.Ng4 Bd6
38.Qa1 Qb8 39.Qc3 Kg7 40.Bf3 Kh7 41.Nf6+ Nxf6 42.Bxf6 Qb6 43.Qc2 Bb8 44.Be7 Ba7
45.Qg2 Be8 46.Bg4 Qe3 47.Bb4 Qd4 48.Be1 Qe3 49.Bd2 Qc5 50.h5 gxh5 51.Bf5+ Kh6
52.Be1 Qe3 53.h4 f3 54.Bb4 Qf4+ 55.Qg3 Qxg3+ 56.Kxg3 Kg7 57.Kxf3 Bb5 58.Bd6 Bd4
59.Bc7 Kf7 60.d6  1-0

[Event "Goodricke 10th op"]
[Site "Calcutta"]
[Date "1999.02.16"]
[Round "11"]
[White "Ehlvest, Jaan"]
[Black "Bologan, Viktor"]
[Result "1-0"]
[WhiteElo "2590"]
[BlackElo "2605"]

1.e4 c5 2.Nf3 e6 3.d4 cxd4 4.Nxd4 a6 5.c4 Nf6 6.Nc3 Bb4 7.Bd3 Qc7 8.Ne2 Nc6
9.O-O Ne5 10.h3 Nxc4 11.Qb3 Ne5 12.Qxb4 Nxd3 13.Qd4 Ne5 14.Bf4 d6 15.Rac1 Qe7
16.Rfd1 b5 17.a4 Bd7 18.axb5 axb5 19.b3 Rd8 20.Qb4 Nc6 21.Qxd6 Qxd6 22.Bxd6 b4
23.Nb5 Rc8 24.f3 Kd8 25.Rd2 Na5 26.Bxb4 Rxc1+ 27.Nxc1 Nb7 28.Ne2 Kc8 29.Rc2+ Kb8
30.Bd6+ Nxd6 31.Nxd6 Rf8 32.Kf2 Ne8 33.Nc4 Nc7 34.Nd4 f6 35.Nb6 Be8 36.Rxc7 Kxc7
37.Nxe6+ Kxb6 38.Nxf8 Bf7 39.Nxh7 Bxb3 40.Nf8 Bf7 41.e5 fxe5 42.Nd7+ Kc7
43.Nxe5 Ba2 44.Kg3  1-0

[Event "Chess Masters 3rd"]
[Site "Enghien-les-Bains"]
[Date "1999.03.03"]
[Round "1"]
[White "Bologan, Viktor"]
[Black "Bauer, Christian"]
[Result "1-0"]
[WhiteElo "2608"]
[BlackElo "2528"]

1.e4 e6 2.d4 d5 3.Nc3 Bb4 4.e5 Ne7 5.a3 Bxc3+ 6.bxc3 b6 7.h4 Ba6 8.Bxa6 Nxa6
9.h5 h6 10.Qg4 Rg8 11.a4 Qd7 12.Qe2 Nb8 13.a5 Nbc6 14.axb6 cxb6 15.Nf3 Na5
16.Nd2 Qc6 17.Rh3 Kd7 18.Rf3 Rgf8 19.Ba3 Nc4 20.Qd3 a5 21.Nxc4 dxc4 22.Qh7 Nf5
23.d5 Qxd5 24.Rd1 Qxd1+ 25.Kxd1 Rh8 26.Qxh8 Rxh8 27.g4 Nh4 28.Rxf7+ Kc6 29.Rxg7 Kd5
30.Rf7 Rg8 31.f3 Nxf3 32.Rxf3 Rxg4 33.Rf6 Rg1+ 34.Kd2 Rg2+ 35.Kc1 Kxe5 36.Rxh6 Rh2
37.Be7 b5 38.Kb2 Kd5 39.Rh8 e5 40.h6 Ke6 41.h7 Kf7 42.Bd6  1-0

[Event "Chess Masters 3rd"]
[Site "Enghien-les-Bains"]
[Date "1999.03.04"]
[Round "2"]
[White "Bacrot, Etienne"]
[Black "Bologan, Viktor"]
[Result "1-0"]
[WhiteElo "2561"]
[BlackElo "2608"]

1.d4 Nf6 2.c4 g6 3.Nc3 Bg7 4.e4 d6 5.Nf3 O-O 6.Be2 e5 7.O-O Nc6 8.d5 Ne7
9.b4 Nh5 10.Re1 a5 11.bxa5 Rxa5 12.a4 c5 13.Ra3 Nf6 14.Nh4 Nd7 15.g3 f5 16.f4 Ra6
17.Ng2 Nf6 18.fxe5 dxe5 19.Be3 b6 20.a5 Nxe4 21.Nxe4 fxe4 22.g4 Nf5 23.gxf5 gxf5
24.Bf2 bxa5 25.Bxc5 f4 26.Ra2 Rg6 27.Bh5 Rg5 28.Rxe4 Bf5 29.Bf3 Bxe4 30.Bxe4 Qc7
31.Bxf8 Bxf8 32.Qd3 Bc5+ 33.Kh1 Kg7 34.Rb2 Bb4 35.Nh4 Qb6 36.Nf3 Rh5 37.Rg2+ Kh8
38.d6 Qxd6 39.Bd5  1-0

[Event "Chess Masters 3rd"]
[Site "Enghien-les-Bains"]
[Date "1999.03.07"]
[Round "5"]
[White "Bologan, Viktor"]
[Black "Beliavsky, Alexander G"]
[Result "1-0"]
[WhiteElo "2608"]
[BlackElo "2650"]

1.e4 e5 2.Nf3 Nc6 3.Bb5 a6 4.Ba4 Nf6 5.O-O Be7 6.Re1 b5 7.Bb3 d6 8.c3 O-O
9.h3 Re8 10.d4 Bb7 11.Nbd2 Bf8 12.a3 h6 13.Bc2 Nb8 14.b4 Nbd7 15.Bb2 c5 16.bxc5 exd4
17.c6 d3 18.cxb7 dxc2 19.Qxc2 Rb8 20.a4 Rxb7 21.axb5 axb5 22.Ba3 Qb6 23.Nd4 Rc8
24.Qd3 Ne5 25.Qg3 Nh5 26.Qe3 Be7 27.g3 Nc6 28.Nxc6 Qxc6 29.Bb4 Nf6 30.Kh2 Re8
31.Nb3 Qc8 32.Qd3 Bf8 33.Nd4 Qc4 34.Qxc4 bxc4 35.Nf5 g6 36.Nxd6 Bxd6 37.Bxd6 Nxe4
38.Bc5 f5 39.Bd4 Kf7 40.Ra6 Ree7 41.Re2 Rbd7 42.Kg2 Rd6 43.Ra8 Rde6 44.Rh8 g5
45.Rb2 g4 46.h4 Re8 47.Rh7+ Kg6 48.Rg7+ Kh5 49.Rb5 Rf8 50.f3 gxf3+ 51.Kh3  1-0